000 00155nam a22000857a 4500
082 _a823
100 _aELAINE EPSTEIN
245 _aSAY IT, SIGN IT
942 _cBK
999 _c8137
_d8137